| 000 | 01187cam a2200349 i 4500 | ||
|---|---|---|---|
| 001 | 24234 | ||
| 003 | Mx-PuUPA | ||
| 005 | 20250618120632.0 | ||
| 008 | 140415s2018 mx gr 001 f spa d | ||
| 020 | _a9786073162517 | ||
| 040 |
_aMx-PuUPA _bspa _cMx-PuUPA _dMx-PuUPA _erda |
||
| 041 | 0 | _aspa | |
| 043 | _an-mx--- | ||
| 100 | 1 |
_aSandoval, Jaime Alfonso, _d1972- _eautor _917194 |
|
| 245 | 1 | 0 |
_aMexicoland/ _cJaime Alfonso Sandoval |
| 250 |
_aPrimera edición / _bmarzo |
||
| 264 | 1 |
_aCiudad de México : _bMontena, _c2018 |
|
| 300 |
_a419 páginas ; _c22 cm |
||
| 336 |
_2rdacontent _atexto _btxt |
||
| 337 |
_2rdamedia _asin medio _bn |
||
| 338 |
_2rdacarrier _avolumen _bnc |
||
| 650 | 7 |
_2armarc _aAnarquismo _zMéxico _vNovela |
|
| 650 | 7 |
_2armarc _aParques de diversiones _zMéxico _vNovela juvenil |
|
| 650 | 7 |
_2armarc _aDistopías en la cultura popular _zMéxico _vNovela juvenil |
|
| 650 | 7 |
_2armarc _aHistoria de aventuras _vNovela |
|
| 650 | 7 |
_2armarc _aCiencia ficción |
|
| 655 | 4 | _aNovela juvenil | |
| 942 |
_2ddc _cLI _h863 _iS54 |
||
| 999 |
_c24234 _d24234 |
||